| 000 | 00780nam a22002297a 4500 | ||
|---|---|---|---|
| 999 |
_c13623 _d13623 |
||
| 003 | AR-CdUCM | ||
| 008 | 190415b ||||| |||| 00| 0 spa d | ||
| 040 |
_aMUNICIPALIDAD PROVINCIAL DEL CUSCO _cBIBLIOTECA MUNICIPAL DEL CUSCO |
||
| 082 |
_a323.35 / _bV14 |
||
| 100 |
_aCondori Mamani, Gregorio, _932101 |
||
| 245 |
_aGregorio Condori Mamani : _bAutobiografía / |
||
| 260 |
_aQosqo : _bMunicipalidad del Qosqo, _c1992. |
||
| 300 |
_a136 paginas ; _c20 cm. |
||
| 505 | _aContenido :Gregorio --Asunta, mujer de Gregorio / | ||
| 650 |
_aCondori Mamani, Gregorio, _932102 |
||
| 650 |
_aCampesinos _94401 |
||
| 650 |
_aBiografía _922 |
||
| 700 |
_aValderrama Fernández, Ricardo _97653 |
||
| 700 |
_aZuidema, R. Tom _932103 |
||
| 942 |
_2ddc _cLIBROS |
||
| 945 |
_arjall _d2019-04-15 |
||